000 00460nam a2200193Ia 4500
005 20240823031750.0
008 240823s9999||||xx |||||||||||||| ||und||
020 _a978-81-265-1667-4
041 _aENGLISH
082 _A005.8 Q1
100 _aRoss Anderson
245 0 _asecurity Engineering
250 _a2nd
260 _c2011
_bWiley India Pv
_aNew Delhi
500 _aYES
650 _aSecurity
_bComputer Science
942 _cBK
999 _c191847
_d191847